000 00603nam a2200217Ia 4500
001 8147
003 GE_BSU
008 181216s||||||||xx |||||||||||||| ||und||
040 _cGE_BSU
245 _aГосударство и право. №10. 2013.
245 _bоктябрь, 2013
245 _cГл. ред. А.С.Автономов
260 _aмосква
260 _bНаука
260 _c2013
300 _a128ст;29см.
520 _aВыходит 12 раз в год
653 _aГосударство и право.
653 _aპერიოდიკა
942 _cCR
999 _c41480
_d41480